The changing world of the executive
Đã lưu trong:
| 主要作者: | |
|---|---|
| 格式: | 圖書 |
| 語言: | Undetermined |
| 出版: |
New York
A Truman Talley Book
1982
|
| 主題: | |
| 標簽: |
添加標簽
沒有標簽, 成為第一個標記此記錄!
|
| Thư viện lưu trữ: | Trung tâm Học liệu Trường Đại học Cần Thơ |
|---|
| LEADER | 00480nam a2200181Ia 4500 | ||
|---|---|---|---|
| 001 | CTU_86640 | ||
| 008 | 210402s9999 xx 000 0 und d | ||
| 082 | |a 658.4 | ||
| 082 | |b D794 | ||
| 100 | |a Drucker, Peter F. | ||
| 245 | 4 | |a The changing world of the executive | |
| 245 | 0 | |c Peter F. Drucker | |
| 260 | |a New York | ||
| 260 | |b A Truman Talley Book | ||
| 260 | |c 1982 | ||
| 650 | |a Organization | ||
| 904 | |i Năm | ||
| 980 | |a Trung tâm Học liệu Trường Đại học Cần Thơ | ||